| 000 | 00497nam a2200205Ia 4500 | ||
|---|---|---|---|
| 003 | OSt | ||
| 005 | 20220919113639.0 | ||
| 008 | 210210b1993 xxu||||| |||| 00| 0 eng d | ||
| 040 | _cAL | ||
| 041 | _aEnglish | ||
| 082 | _a658.15 PANF | ||
| 100 |
_aPANDEY (I M) _957889 |
||
| 245 | _aFinancial management | ||
| 250 | _a6 | ||
| 260 |
_aNew Delhi. _bVikas Publishing House Pvt Ltd., _c1993 |
||
| 300 | _axv,1103 | ||
| 690 |
_aFinancial Management _957890 |
||
| 906 | _a048427 | ||
| 942 |
_2ddc _cBK |
||
| 999 |
_c97410 _d97410 |
||